000 02058cam a22005174i 4500
003 PE-LiUPU
005 20250731173509.0
008 150616s1990 miu r 000 0 eng d
020 _a0802823947
035 _a(Sirsi) i9780802823946
040 _aPE-LiUPU
_bspa
_cPE-LiUPU
_erda
049 _aPRUA
082 0 4 _a225.07
_bNIGTC
_221
100 1 _aWanamaker, Charles A.,
_eautor.
245 1 0 _aThessalonians :
_b1,2; a commentary on the greek text.
_n52 /
_cCharles A. Wanamaker.
264 1 _aGrand Rapids, Michigan :
_bWilliam B. Eerdmans Publishing Company,
_c1990.
300 _a316 páginas ;
_c24 centímetros
336 _atext
_2rdacontent
337 _aunmediated
_2rdamedia
338 _avolume
_2rdacarrier
490 0 _aThe New International Greek Testament Commentary
504 _aBibliografía: páginas XVIII - XXVIII.
505 0 _aComentarios sobre las epístolas a los Tesalonicenses.
526 _aSEG42
526 _aSEG41
526 _aSEG40
526 _aSEG39
526 _aP94
526 _aP87
526 _aP86
526 _aP85
526 _aP77
526 _aP76
526 _aP35
630 _aBiblia.
_pN.T.
_pTesalonicenses
_xComentarios.
910 _ajck
_bjvq
_cjck
942 _2ddc
_cBOOK
949 _a225.07 NIGTC 13
_wDEWEY
_c1
_i37847
_d2016-10-6
_e2016-10-4
_lCCODEBUL1
_mBUL
_n1
_r0
_sY
_tBOOK
_u2015-4-23
_xTEOLOGIA
_zUNKNOWN
_0COMPRA
_o.STAFF. Colección Teología
949 _a225.07 NIGTC 13
_wDEWEY
_c2
_i40602
_lCCODEBUL1
_mBUL
_r0
_sY
_tBOOK
_u2015-6-16
_xTEOLOGIA
_zUNKNOWN
_0COMPRA
_o.STAFF. Colección Teología
994 _aC0
_bPEPRU
596 _a1
999 _a225.07 NIGTC 13
_wDEWEY
_c58388
_i37847
_d58388
_e2016-10-4
_f2021-11-9
_g5
_lCCODEBUL1
_mBUL
_n1
_p30.00
_r0
_sY
_tBOOK
_u2015-4-23
_xTEOLOGIA
_PP35
_0COMPRA
_o.STAFF. Colección Teología
999 _a225.07 NIGTC 13
_wDEWEY
_c2
_i40602
_f2021-11-9
_g5
_lCCODEBUL1
_mBUL
_r0
_sY
_tBOOK
_u2015-6-16
_xTEOLOGIA
_zUNKNOWN
_0COMPRA
_o.STAFF. Colección General
980 _81
_gALBERTO SANCHEZ Responsable de Automatización